|
|
|
|
| LEADER |
02130cas a2200241 a 4500 |
| 001 |
AALejournalIMF019121 |
| 008 |
230101c9999 xx r poo 0 0eng d |
| 020 |
|
|
|c 5.00 USD
|
| 020 |
|
|
|z 9781498302456
|
| 022 |
|
|
|a 1934-7685
|
| 040 |
|
|
|a BD-DhAAL
|c BD-DhAAL
|
| 110 |
2 |
|
|a International Monetary Fund.
|b Asia and Pacific Dept.
|
| 245 |
1 |
0 |
|a Malaysia :
|b Selected Issues.
|
| 264 |
|
1 |
|a Washington, D.C. :
|b International Monetary Fund,
|c 2019.
|
| 300 |
|
|
|a 1 online resource (22 pages)
|
| 490 |
1 |
|
|a IMF Staff Country Reports
|
| 500 |
|
|
|a <strong>Off-Campus Access:</strong> No User ID or Password Required
|
| 500 |
|
|
|a <strong>On-Campus Access:</strong> No User ID or Password Required
|
| 506 |
|
|
|a Electronic access restricted to authorized BRAC University faculty, staff and students
|
| 520 |
3 |
|
|a This Selected Issues paper analyzes saving to understand history and identify the drivers in Malaysia. IMF analysis suggests that Malaysia's current account (CA) surplus is higher than warranted by medium-term fundamentals and desired policies. The changes in the corporate saving rate almost entirely reflect the changes within each group of firms of similar size or age. Leveraging firm-level data for listed firms, the paper focuses on the contribution to the CA surplus of private non-financial corporations. The trend analysis indicates a high dependence of listed firms in Malaysia on internal funds (savings) to finance their investments or, equivalently, a lower dependence on external funds. The results suggest that relaxing firms' external financing constraints and lifting productivity growth could help encourage investment and reduce excess corporate saving. The regression results show that the transaction cost and precautionary saving motives, as well as their interaction with external financing dependence, could play an important role in explaining corporate net saving.
|
| 538 |
|
|
|a Mode of access: Internet
|
| 830 |
|
0 |
|a IMF Staff Country Reports; Country Report ;
|v No. 2019/072
|
| 856 |
4 |
0 |
|z Full text available on IMF
|u http://elibrary.imf.org/view/journals/002/2019/072/002.2019.issue-072-en.xml
|z IMF e-Library
|